Central Library, Doon University
WEBOPAC (ONLINE PUBLIC ACCESS CATALOGUE)

Industrial Microbiology (Record no. 60327)

MARC details
000 -LEADER
fixed length control field 00457nam a22001817a 4500
005 - DATE & TIME
control field 20260211132848.0
008 - FIXED-LENGTH DATA ELEMENTS--GENERAL INFORMATION
fixed length control field 260211b |||||||| |||| 00| 0 eng d
020 ## - ISBN
International Standard Book Number 9788199217829
Price 1650.00
040 ## - CATALOGING SOURCE
Original cataloging agency Doon University
041 ## - Language
Language English
082 ## - DDC NUMBER
Classification number 660.6
Book Number SAM
100 ## - MAIN ENTRY--PERSONAL NAME
Personal name Sampson, Emily
245 ## - TITLE STATEMENT
Title Industrial Microbiology
260 ## - PUBLICATION, DISTRIBUTION, ETC. (IMPRINT)
Place of publication, distribution, etc New Delhi
Name of publisher, distributor, etc Blackwell Press
Date of publication, distribution, etc 2026
300 ## - PHYSICAL DESCRIPTION
Pages 300
650 ## - Subject
Subject Biological Science
942 ## - ADDED ENTRY ELEMENTS (KOHA)
Koha item type Books
100 ## - MAIN ENTRY--PERSONAL NAME
-- 26279
650 ## - Subject
-- 14046
952 ## - LOCATION AND ITEM INFORMATION (KOHA)
-- 2026-02-11
952 ## - LOCATION AND ITEM INFORMATION (KOHA)
-- 2026-02-11
952 ## - LOCATION AND ITEM INFORMATION (KOHA)
-- 2026-02-11
952 ## - LOCATION AND ITEM INFORMATION (KOHA)
-- 2026-02-11
952 ## - LOCATION AND ITEM INFORMATION (KOHA)
-- 2026-02-11
Holdings
Withdrawn status Lost status Source of classification or shelving scheme Damaged status Not for loan Location (home branch) Sublocation or collection (holding branch) Date acquired Koha full call number Accession No. Koha date last seen Koha item type Koha issues (times borrowed)
        Not For Loan Doon University Doon University 11.02.2026 660.6 SAM 52627 11.02.2026 Reference  
          Doon University Doon University 11.02.2026 660.6 SAM 52628 11.02.2026 Books  
          Doon University Doon University 11.02.2026 660.6 SAM 52629 11.02.2026 Books  
          Doon University Doon University 11.02.2026 660.6 SAM 52630 11.02.2026 Books  
          Doon University Doon University 11.02.2026 660.6 SAM 52631 11.02.2026 Books  
Contact : +91-135-2533126 (Library),+91-135-2533105 (Admin Office) , Email : doonlibrary@gmail.com

Powered by Koha